000
00293nam a2200109Ia 4500
008
200302s9999 xx 000 0 und d
100
_a
Dennis Sharp & Others
245
_a
Kisho Kurokawa Kuala Lumpur International Airport
260
_b
Axel Menges, Stuttgart
260
_c
1999
300
_a
47 P.,
999
_c
5529
_d
5529